LEADER 01274nam0 2200301 450 001 000045449 005 20181024153255.0 100 $a20181015d1951----km-y0itaa50------ba 101 0 $aita 102 $aIT 200 1 $a<> legislazione sull'affitto dei fondi rustici$fAttilio Parlagreco 210 $aRoma$cRamo editoriale degli agricoltori$d1951 215 $a65 p.$d16 cm 225 2 $aCollana di legislazione agraria 300 $aEstratto dalla rivista L'Italia agricola 316 $aIn testa al frontespizio, firma autografa e data: Gioacchino Viggiani, 29-8-51 410 0$12001$aCollana di legislazione agraria 606 1 $aAffitto rustico$xLegislazione 676 $a346.4504348$v(22. ed.)$9Diritto privato. Affitto di fondi rustici. Italia 700 1$aParlagreco,$bAttilio$068240 801 0$aIT$bUniversità della Basilicata - B.I.A.$gREICAT$2unimarc 912 $a000045449 996 $aLegislazione sull'affitto dei fondi rustici$91535757 997 $aUNIBAS CAT $aSTD119$b01$c20181015$lBAS01$h1622 CAT $aTTM$b30$c20181024$lBAS01$h1532 FMT Z30 -1$lBAS01$LBAS01$mBOOK$1BASA2$APolo Tecnico-Scientifico$2FVIG$BFondo Viggiani$3FVig/43807$643807$5T43807$7Collocato presso la Scuola di Agraria$820181015$f35$FStanza riservata